Exchange and production : competition, coordination, and control /

Saved in:
Bibliographic Details
Main Author: Alchian, Armen A. (Armen Albert), 1914-
Other Authors: Allen, William R. (William Richard), 1924- (joint author.)
Format: Book
Language:English
Published: Belmont, Calif. : Wadsworth Pub. Co., c1977.
Edition:2d ed.
Subjects:
LEADER 01045nam a2200265 i 4500
001 c000329403
003 CARM
005 00000000000000.0
008 770225s1977 caua 00110 eng
019 1 |a 851393  |z 23856698  |z 57717153  |5 LACONCORD2021 
020 |a 0534004938 
035 |a (OCoLC)2683991  |5 LACONCORD2021 
050 0 0 |a HB171.5  |b .A338 1977 
082 1 |a 330  |2 19 
100 1 |a Alchian, Armen A.  |q (Armen Albert),  |d 1914- 
245 1 0 |a Exchange and production :  |b competition, coordination, and control /  |c Armen Alchian and William R. Allen. 
250 |a 2d ed. 
260 |a Belmont, Calif. :  |b Wadsworth Pub. Co.,  |c c1977. 
300 |a 510, 37, 14 p. :  |b ill. ;  |c 24 cm. 
500 |a Includes index. 
650 0 |a Economics. 
700 1 |a Allen, William R.  |q (William Richard),  |d 1924-  |e joint author. 
852 8 |b CARM  |h A1:AL31D0  |i F03221  |p 0466832  |f BK 
999 f f |i 3bbc602a-6e2b-5f9f-8463-f586f74c088b  |s bb062aba-01a4-5a66-aecb-5c9e88b835f8 
952 f f |p Can circulate  |a CAVAL  |b CAVAL  |c CAVAL  |d CARM 1 Store  |e F03221  |f A1:AL31D0  |h Other scheme  |i book  |m 0466832